Every Mid-Card Champion in WWE History - Statistics

General Stats
  • This quiz has been taken 75 times
    61 since last reset
  • The average score is 199 of 386
Answer Stats
Championship Reigns Longest Reign Last Won Wrestler % Correct
WWE Intercontinental Championship 2 167 Days 2020 Big E
93%
WWE Hardcore Championship 1 <1 Days 2000 Godfather's Ho
93%
WWE Intercontinental Championship 2 39 Days 2002 Kane
90%
WWE Hardcore Championship 1 16 Days 2001 Kane
90%
WWE 24/7 Championship 1 <1 Days 2019 Kane
90%
WWE Intercontinental Championship 2 68 Days 2009 Rey Mysterio
90%
WWE United States Championship 2 31 Days 2019 Rey Mysterio
90%
WWE Cruiserweight Championship 3 112 Days 2004 Rey Mysterio
90%
WWE United States Championship 5 147 Days 2015 John Cena
88%
WWE Intercontinental Championship 4 77 Days 2012 Kofi Kingston
88%
WWE United States Championship 3 126 Days 2013 Kofi Kingston
88%
WWE Intercontinental Championship 1 210 Days 2003 Randy Orton
88%
WWE United States Championship 1 28 Days 2018 Randy Orton
88%
WWE Intercontinental Championship 3 202 Days 1995 Shawn Michaels
88%
WWE European Championship 1 82 Days 1997 Shawn Michaels
88%
WWE Intercontinental Championship 2 63 Days 1997 Steve Austin
88%
WWE Intercontinental Championship 8 188 Days 2018 The Miz
88%
WWE United States Championship 2 224 Days 2010 The Miz
88%
WWE Intercontinental Championship 2 265 Days 1997 The Rock
88%
WWE Intercontinental Championship 9 111 Days 2009 Chris Jericho
86%
WWE United States Championship 2 83 Days 2017 Chris Jericho
86%
WWE European Championship 1 1 Day 2000 Chris Jericho
86%
WWE Hardcore Championship 1 <1 Days 2001 Chris Jericho
86%
WWE Intercontinental Championship 5 115 Days 2002 Triple H
86%
WWE European Championship 2 120 Days 1998 Triple H
86%
WWE Intercontinental Championship 2 80 Days 2002 Eddie Guerrero
83%
WWE United States Championship 1 84 Days 2003 Eddie Guerrero
83%
WWE European Championship 2 111 Days 2001 Eddie Guerrero
83%
WWE Intercontinental Championship 2 84 Days 2016 Kevin Owens
83%
WWE United States Championship 3 66 Days 2017 Kevin Owens
83%
WWE Intercontinental Championship 1 414 Days 1986 Randy Savage
83%
WWE Intercontinental Championship 1 63 Days 2017 Roman Reigns
83%
WWE United States Championship 1 106 Days 2016 Roman Reigns
83%
WWE Hardcore Championship 1 58 Days 2001 The Undertaker
83%
WWE Intercontinental Championship 1 28 Days 2012 Big Show
81%
WWE United States Championship 1 147 Days 2003 Big Show
81%
WWE Intercontinental Championship 2 146 Days 1992 Bret Hart
81%
WWE United States Championship 1 7 Days 2010 Bret Hart
81%
WWE Intercontinental Championship 3 152 Days 2018 Dean Ambrose
81%
WWE United States Championship 1 351 Days 2013 Dean Ambrose
81%
WWE Intercontinental Championship 5 189 Days 2020 Jeff Hardy
81%
WWE United States Championship 1 90 Days 2018 Jeff Hardy
81%
WWF Light Heavyweight Championship 1 20 Days 2001 Jeff Hardy
81%
WWE European Championship 1 14 Days 2002 Jeff Hardy
81%
WWE Hardcore Championship 3 12 Days 2002 Jeff Hardy
81%
WWWF Jr. Heavyweight Championship 1 2 Days 1979 Ryuma Go
81%
WWE Intercontinental Championship 3 89 Days 2022 Sami Zayn
81%
WWE Intercontinental Championship 2 119 Days 2018 Seth Rollins
81%
WWE United States Championship 2 47 Days 2022 Seth Rollins
81%
WWF North American Championship 1 126 Days 1979 Ted Dibiase
81%
WWF Million Dollar Championship 2 922 Days 1992 Ted Dibiase
81%
WWE 24/7 Championship 1 <1 Days 2019 Ted Dibiase
81%
WWE Million Dollar Championship 1 224 Days 2010 Ted Dibiase Jr.
81%
WWE Hardcore Championship 3 22 Days 2002 The Big Show
81%
WWE Intercontinental Championship 1 138 Days 1994 Diesel
79%
WWE Intercontinental Championship 4 63 Days 2004 Edge
79%
WCW United States Championship 1 6 Days 2001 Edge
79%
WWE United States Championship 1 84 Days 2008 Matt Hardy
79%
WWE European Championship 1 125 Days 2001 Matt Hardy
79%
WWE Hardcore Championship 1 1 Day 2000 Matt Hardy
79%
WWE Cruiserweight Championship 2 197 Days 2017 Neville
79%
WWE Intercontinental Championship 6 63 Days 2006 Rob Van Dam
79%
WWE European Championship 1 <1 Days 2002 Rob Van Dam
79%
WWE Hardcore Championship 4 90 Days 2002 Rob Van Dam
79%
WWE 24/7 Championship 51 57 Days 2021 R-Truth
79%
WWE Intercontinental Championship 2 34 Days 2019 Bobby Lashley
76%
WWE United States Championship 3 175 Days 2022 Bobby Lashley
76%
WWE European Championship 1 8 Days 2001 Bradshaw
76%
WWE Hardcore Championship 18 19 Days 2002 Bradshaw
76%
WWE Cruiserweight Championship 4 154 Days 2007 Chavo Guerrero
76%
WWE Intercontinental Championship 4 50 Days 2002 Chris Benoit
76%
WWE United States Championship 3 219 Days 2006 Chris Benoit
76%
WWE Intercontinental Championship 1 27 Days 2009 JBL
76%
WWE United States Championship 1 54 Days 2006 JBL
76%
WWE Intercontinental Championship 1 240 Days 1979 Pat Patterson
76%
WWF North American Championship 1 158 Days 1979 Pat Patterson
76%
WWE Hardcore Championship 1 6 Days 2000 Pat Patterson
76%
WWE 24/7 Championship 1 <1 Days 2019 Pat Patterson
76%
WWE Intercontinental Championship 1 154 Days 2005 Ric Flair
76%
WWE Intercontinental Championship 1 77 Days 1992 Roddy Piper
76%
WWE United States Championship 3 182 Days 2021 Sheamus
76%
WWE United States Championship 2 156 Days 2018 Shinsuke Nakamura
76%
NXT North American Championship 1 133 Days 2018 Adam Cole
74%
WWE Intercontinental Championship 1 74 Days 2020 AJ Styles
74%
WWE United States Championship 3 134 Days 2019 AJ Styles
74%
WWE Intercontinental Championship 4 64 Days 2012 Christian
74%
WWF Light Heavyweight Championship 1 30 Days 1998 Christian
74%
WWE European Championship 1 91 Days 2001 Christian
74%
WWE Hardcore Championship 1 <1 Days 2002 Christian
74%
WWE Intercontinental Championship 2 233 Days 2012 Cody Rhodes
74%
WWE Intercontinental Championship 1 43 Days 2015 Daniel Bryan
74%
WWE United States Championship 1 176 Days 2010 Daniel Bryan
74%
WWE United States Championship 1 6 Days 2018 Jinder Mahal
74%
WWE 24/7 Championship 2 <1 Days 2019 Jinder Mahal
74%
WWE Intercontinental Championship 1 35 Days 2000 Kurt Angle
74%
WCW United States Championship 1 21 Days 2001 Kurt Angle
74%
WWE European Championship 1 54 Days 2000 Kurt Angle
74%
WWE Hardcore Championship 1 <1 Days 2001 Kurt Angle
74%
WWE Intercontinental Championship 2 97 Days 1997 Owen Hart
74%
WWE European Championship 1 55 Days 1998 Owen Hart
74%
WWE Intercontinental Championship 4 198 Days 1995 Razor Ramon
74%
WWE Intercontinental Championship 1 161 Days 2009 Drew McIntyre
71%
WWE Intercontinental Championship 2 98 Days 2019 Finn Balor
71%
WWE United States Championship 1 49 Days 2022 Finn Balor
71%
WWE Intercontinental Championship 3 83 Days 1999 Goldust
71%
WWE Hardcore Championship 10 13 Days 2002 Goldust
71%
WWE Intercontinental Championship 1 TBD 2022 Gunther
71%
WWE Intercontinental Championship 6 94 Days 1999 Jeff Jarrett
71%
WWE European Championship 1 1 Day 1999 Jeff Jarrett
71%
WWE Hardcore Championship 2 <1 Days 2001 K-Kwik
71%
WWE United States Championship 2 35 Days 2019 R-Truth
71%
WWE United States Championship 3 146 Days 2018 Rusev
71%
WWE Intercontinental Championship 2 70 Days 2008 William Regal
71%
WWE European Championship 4 63 Days 2002 William Regal
71%
WWE Hardcore Championship 5 <1 Days 2002 William Regal
71%
WWE United States Championship 1 239 Days 2012 Antonio Cesaro
69%
WWE Intercontinental Championship 1 49 Days 2009 CM Punk
69%
WWE Intercontinental Championship 1 27 Days 2014 Luke Harper
69%
WWE European Championship 1 34 Days 1999 Mark Henry
69%
WWE Intercontinental Championship 1 98 Days 2022 Ricochet
69%
NXT North American Championship 1 161 Days 2018 Ricochet
69%
WWE Intercontinental Championship 1 13 Days 2001 Test
69%
WWE European Championship 1 69 Days 2001 Test
69%
WWE Hardcore Championship 2 36 Days 2001 Test
69%
WWE Intercontinental Championship 2 63 Days 2007 Umaga
69%
WWE Intercontinental Championship 1 1 Day 2016 Zack Ryder
69%
WWE United States Championship 1 29 Days 2011 Zack Ryder
69%
WWE Intercontinental Championship 1 17 Days 2000 Billy Gunn
67%
WWE Hardcore Championship 2 13 Days 2001 Billy Gunn
67%
WWE Intercontinental Championship 1 34 Days 2003 Booker T
67%
WWE United States Championship 3 66 Days 2006 Booker T
67%
WWE Hardcore Championship 2 <1 Days 2002 Booker T
67%
WWE Intercontinental Championship 1 59 Days 1992 British Bulldog
67%
WWE United States Championship 2 343 Days 2009 MVP
67%
WWE European Championship 1 126 Days 1999 Shane McMahon
67%
WWE Hardcore Championship 1 6 Days 2000 Shane McMahon
67%
WWE Cruiserweight Championship 1 138 Days 2004 Spike Dudley
67%
WWE European Championship 1 28 Days 2002 Spike Dudley
67%
WWE Hardcore Championship 8 <1 Days 2002 Spike Dudley
67%
WWE European Championship 2 206 Days 1999 The British Bulldog
67%
WWE Hardcore Championship 2 3 Days 2000 The British Bulldog
67%
WWE Intercontinental Championship 1 37 Days 2020 Braun Strowman
64%
WWE Hardcore Championship 11 8 Days 2002 Bubba Ray Dudley
64%
WWE Intercontinental Championship 2 56 Days 2000 Chyna
64%
WWE Cruiserweight Championship 2 93 Days 2017 Enzo Amore
64%
WWE Intercontinental Championship 1 454 Days 1987 Honky Tonk Man
64%
WWE Intercontinental Championship 3 100 Days 2009 John Morrison
64%
WWE Hardcore Championship 1 28 Days 1998 Mankind
64%
WWE Intercontinental Championship 1 65 Days 1987 Ricky Steamboat
64%
WWE Intercontinental Championship 1 112 Days 2015 Ryback
64%
WWE Intercontinental Championship 2 244 Days 2006 Shelton Benjamin
64%
WWE United States Championship 1 243 Days 2008 Shelton Benjamin
64%
WWE 24/7 Championship 3 14 Days 2020 Shelton Benjamin
64%
WWE Intercontinental Championship 2 216 Days 1989 Ultimate Warrior
64%
WWE United States Championship 1 54 Days 2018 Bobby Roode
62%
WWE Intercontinental Championship 1 125 Days 1998 Ken Shamrock
62%
WWE United States Championship 1 49 Days 2021 Matt Riddle
62%
WWE Intercontinental Championship 2 280 Days 1990 Mr. Perfect
62%
WWE Hardcore Championship 27 31 Days 2002 Raven
62%
WWE Intercontinental Championship 1 148 Days 1989 Rick Rude
62%
WCW Cruiserweight Championship 1 72 Days 2001 X-Pac
62%
WWF Light Heavyweight Championship 2 42 Days 2001 X-Pac
62%
WWE European Championship 2 120 Days 1998 X-Pac
62%
WWE United States Championship 1 191 Days 2021 Damian Priest
60%
NXT North American Championship 1 67 Days 2020 Damian Priest
60%
WWE Intercontinental Championship 6 154 Days 2018 Dolph Ziggler
60%
WWE United States Championship 2 182 Days 2017 Dolph Ziggler
60%
WWE Intercontinental Championship 2 385 Days 1983 Don Muraco
60%
WWE Intercontinental Championship 1 54 Days 2011 Ezekiel Jackson
60%
WWE Intercontinental Championship 1 43 Days 1999 Godfather
60%
WWE Hardcore Championship 6 29 Days 2001 Hardcore Holly
60%
NXT North American Championship 3 163 Days 2020 Johnny Gargano
60%
WWE United States Championship 2 119 Days 2016 Kalisto
60%
WWE Cruiserweight Championship 1 13 Days 2017 Kalisto
60%
NXT North American Championship 1 182 Days 2020 Keith Lee
60%
WWE Intercontinental Championship 1 14 Days 2000 Rikishi
60%
WWE Intercontinental Championship 2 85 Days 2008 Santino Marella
60%
WWE United States Championship 1 167 Days 2012 Santino Marella
60%
WWE Intercontinental Championship 2 52 Days 2000 Val Venis
60%
WWE European Championship 1 58 Days 1999 Val Venis
60%
NXT North American Championship 1 231 Days 2019 Velveteen Dream
60%
WWE Intercontinental Championship 1 25 Days 2001 Albert
57%
WWE United States Championship 1 70 Days 2017 Baron Corbin
57%
WWE Intercontinental Championship 1 91 Days 2005 Carlito
57%
WWE United States Championship 1 42 Days 2004 Carlito
57%
WWE United States Championship 1 49 Days 2006 Finlay
57%
NXT Million Dollar Championship 1 70 Days 2021 LA Knight
57%
WWE Intercontinental Championship 1 27 Days 2001 Lance Storm
57%
WWF King of the Ring Championship 1 ? 1995 Mabel
57%
WWE Intercontinental Championship 1 14 Days 1999 Road Dogg
57%
WWE United States Championship 2 75 Days 2019 Samoa Joe
57%
WCW United States Championship 1 13 Days 2001 Tajiri
57%
WCW Cruiserweight Championship 1 163 Days 2001 Tajiri
57%
WWF Cruiserweight Championship 1 24 Days 2002 Tajiri
57%
WWE Cruiserweight Championship 1 98 Days 2003 Tajiri
57%
WWF Light Heavyweight Championship 1 13 Days 2001 Tajiri
57%
WWE Hardcore Championship 1 ? 1998 The Road Dogg
57%
WWF Million Dollar Championship 1 77 Days 1991 Virgil
57%
WWE Intercontinental Championship 1 57 Days 1996 Ahmed Johnson
55%
NXT UK Heritage Cup 1 174 Days 2020 A-Kid
55%
WWE Cruiserweight Championship 1 6 Days 2017 Akira Tozawa
55%
WWE 24/7 Championship 12 42 Days 2021 Akira Tozawa
55%
WWE United States Championship 2 78 Days 2015 Alberto Del Rio
55%
WWE United States Championship 1 151 Days 2019 Andrade
55%
WWF Light Heavyweight Championship 1 47 Days 2001 Crash
55%
WWE European Championship 1 2 Days 2000 Crash
55%
WWE Hardcore Championship 17 20 Days 2002 Crash Holly
55%
WWE Cruiserweight Championship 2 385 Days 2006 Gregory Helms
55%
WWE Intercontinental Championship 2 425 Days 1981 Pedro Morales
55%
WWWF United States Heavyweight Championship 1 32 Days 1971 Pedro Morales
55%
WWE European Championship 1 48 Days 2000 Al Snow
52%
WWE Hardcore Championship 6 91 Days 2002 Al Snow
52%
WWE Intercontinental Championship 1 124 Days 2021 Apollo Crews
52%
WWE United States Championship 1 96 Days 2020 Apollo Crews
52%
NXT Cruiserweight Championship 1 <1 Days 2022 Carmelo Hayes
52%
NXT North American Championship 2 172 Days 2022 Carmelo Hayes
52%
WWE Cruiserweight Championship 1 181 Days 2018 Cedric Alexander
52%
WWE 24/7 Championship 3 <1 Days 2021 Cedric Alexander
52%
WWE Intercontinental Championship 1 155 Days 2013 Curtis Axel
52%
WWE European Championship 1 49 Days 2002 Diamond Dallas Page
52%
WWE Intercontinental Championship 2 285 Days 1984 Greg Valentine
52%
WWE Intercontinental Championship 1 20 Days 1993 Marty Jannetty
52%
WWE United States Championship 1 171 Days 2005 Orlando Jordan
52%
WWE 24/7 Championship 1 <1 Days 2019 Santa Claus
52%
WWE United States Championship 2 TBD 2022 Austin Theory
50%
WWE Intercontinental Championship 5 99 Days 2015 Bad News Barrett
50%
WWE Intercontinental Championship 1 27 Days 1999 D'Lo Brown
50%
WWE European Championship 4 63 Days 1999 D-Lo Brown
50%
WWE United States Championship 1 49 Days 2012 Jack Swagger
50%
WCW United States Championship 1 29 Days 2001 Rhyno
50%
WWE Hardcore Championship 3 34 Days 2001 Rhyno
50%
WWE Hardcore Championship 1 <1 Days 2000 Viscera
50%
NXT North American Championship 1 63 Days 2022 Cameron Grimes
48%
NXT Million Dollar Championship 1 2 Days 2021 Cameron Grimes
48%
WWE Cruiserweight Championship 1 65 Days 2007 Hornswoggle
48%
WWE Hardcore Championship 6 89 Days 2001 Steve Blackman
48%
WCW Cruiserweight Championship 2 24 Days 2001 Billy Kidman
45%
WWF Cruiserweight Championship 1 16 Days 2002 Billy Kidman
45%
WWE Cruiserweight Championship 1 98 Days 2002 Billy Kidman
45%
WWE Hardcore Championship 2 27 Days 2000 Gerald Brisco
45%
WWE 24/7 Championship 1 <1 Days 2019 Gerald Brisco
45%
WWE United States Championship 1 42 Days 2006 Mr. Kennedy
45%
WWE European Championship 1 37 Days 2000 Perry Saturn
45%
WWE Hardcore Championship 2 <1 Days 2000 Perry Saturn
45%
NXT Cruiserweight Championship 1 105 Days 2021 Roderick Strong
45%
NXT North American Championship 1 126 Days 2019 Roderick Strong
45%
WWE Hardcore Championship 4 97 Days 1999 The Big Bossman
45%
WWE Intercontinental Championship 1 2 Days 1992 The Mountie
45%
WWE Intercontinental Championship 1 <1 Days 1995 Dean Douglas
43%
WWF Light Heavyweight Championship 2 322 Days 2000 Dean Malenko
43%
WWE 24/7 Championship 8 7 Days 2021 Drake Maverick
43%
WWE Cruiserweight Championship 1 108 Days 2019 Drew Gulak
43%
WWE Hardcore Championship 3 21 Days 2002 Maven
43%
WWE European Championship 1 56 Days 2001 The Hurricane
43%
WWE Hardcore Championship 1 <1 Days 2002 The Hurricane
43%
WWE Hardcore Championship 14 7 Days 2002 Tommy Dreamer
43%
WWE Cruiserweight Championship 1 183 Days 2018 Buddy Murphy
40%
WWE 24/7 Championship 3 58 Days 2022 Dana Brooke
40%
NXT North American Championship 1 105 Days 2021 Isaiah Scott
40%
WWE Intercontinental Championship 2 217 Days 1985 Tito Santana
40%
WWE Cruiserweight Championship 1 46 Days 2016 TJ Perkins
40%
WWE Cruiserweight Championship 1 70 Days 2004 Funaki
38%
WWE Hardcore Championship 1 <1 Days 2000 Funaki
38%
WWE Cruiserweight Championship 1 147 Days 2002 Jamie Noble
38%
WWE 24/7 Championship 1 67 Days 2020 Rob Gronkowski
38%
WWE Hardcore Championship 22 19 Days 2002 Steven Richards
38%
WWE Intercontinental Championship 1 84 Days 1990 Texas Tornado
38%
WWE Cruiserweight Championship 1 77 Days 2019 Tony Nese
38%
WWE 24/7 Championship 4 11 Days 2019 Elias
36%
WWE 24/7 Championship 1 <1 Days 2019 Kelly Kelly
36%
NXT Cruiserweight Championship 1 63 Days 2019 Lio Rush
36%
WWE Intercontinental Championship 1 28 Days 1996 Marc Mero
36%
WWE Cruiserweight Championship 1 126 Days 2005 Paul London
36%
WWE Cruiserweight Championship 1 61 Days 2016 Rich Swann
36%
NXT Cruiserweight Championship 1 313 Days 2020 Santos Escobar
36%
WWE Hardcore Championship 3 <1 Days 2000 Tazz
36%
NXT UK Heritage Cup 1 160 Days 2021 Tyler Bate
36%
NXT Cruiserweight Championship 1 45 Days 2019 Angel Garza
33%
WWE 24/7 Championship 1 4 Days 2021 Angel Garza
33%
WWF Light Heavyweight Championship 1 448 Days 1998 Duane Gill
33%
WWE 24/7 Championship 2 <1 Days 2019 Heath Slater
33%
WWE Intercontinental Championship 1 231 Days 1980 Ken Patera
33%
WWE European Championship 1 34 Days 1999 Mideon
33%
NXT UK Heritage Cup 1 TBD 2021 Noam Dar
33%
WWE Hardcore Championship 15 <1 Days 2002 Shawn Stasiak
33%
WWF Light Heavyweight Championship 1 315 Days 1997 Taka Michinoku
33%
WWE 24/7 Championship 2 <1 Days 2019 Tamina
33%
WWE 24/7 Championship 2 11 Days 2019 Carmella
31%
WCW United States Championship 1 46 Days 2001 Chris Kanyon
31%
NXT North American Championship 1 25 Days 2020 Leon Ruff
31%
WWE 24/7 Championship 8 14 Days 2020 Mojo Rawley
31%
WWE 24/7 Championship 5 18 Days 2019 Samir Singh
31%
WWE 24/7 Championship 4 10 Days 2019 Sunil Singh
31%
WWF Million Dollar Championship 1 162 Days 1996 The Ringmaster
31%
WWE 24/7 Championship 1 <1 Days 2021 Corey Graves
29%
WWE 24/7 Championship 4 <1 Days 2019 EC3
29%
NXT Cruiserweight Championship 1 438 Days 2020 Jordan Devlin
29%
WWE Cruiserweight Championship 1 30 Days 2016 The Brian Kendrick
29%
WWE 24/7 Championship 1 <1 Days 2019 Alundra Blayze
26%
WWE 24/7 Championship 1 7 Days 2019 Maria Kanellis
26%
WWE Cruiserweight Championship 1 100 Days 2003 Matt Hardy Version 1.0
26%
WWE 24/7 Championship 2 <1 Days 2019 Mike Kanellis
26%
WWE Cruiserweight Championship 2 68 Days 2005 Nunzio
26%
WWE Hardcore Championship 2 <1 Days 2000 Pete Gas
26%
WWE 24/7 Championship 1 <1 Days 2019 Robert Stone
26%
NXT North American Championship 1 TBD 2022 Wes Lee
26%
WWE 24/7 Championship 1 <1 Days 2019 Bo Dallas
24%
WWE 24/7 Championship 1 <1 Days 2021 Byron Saxton
24%
WWF Light Heavyweight Championship 1 34 Days 2000 Essa Rios
24%
WWE Hardcore Championship 1 <1 Days 2002 Mighty Molly
24%
NXT North American Championship 1 7 Days 2022 Solo Sikoa
24%
WWF World Martial Arts Heavyweight Championship 2 3780 Days 1989 Antonio Inoki
21%
NXT North American Championship 1 42 Days 2021 Bronson Reed
21%
WWE 24/7 Championship 1 <1 Days 2021 Erik
21%
WWE Cruiserweight Championship 1 12 Days 2004 Jacqueline
21%
WWE Hardcore Championship 1 <1 Days 2000 Joey Abs
21%
WWE 24/7 Championship 1 1 Days 2021 Lince Dorado
21%
WWE Hardcore Championship 1 <1 Days 2000 Rodney
21%
WWF Light Heavyweight Championship 1 8 Days 2000 Scotty 2 Hotty
21%
WWE Hardcore Championship 1 <1 Days 2002 Trish Stratus
21%
WWE 24/7 Championship 1 <1 Days 2019 Candice Michelle
19%
WWF Light Heavyweight Championship 1 37 Days 2001 Jerry Lynn
19%
WWE Cruiserweight Championship 2 37 Days 2005 Juventud
19%
NXT Cruiserweight Championship 1 161 Days 2021 Kushida
19%
WWWF United States Heavyweight Championship 7 1335 Days 1971 Bobo Brazil
17%
WWE Cruiserweight Championship 1 28 Days 2004 Chavo Guerrero Classic
17%
WWF Canadian Championship 1 157 Days 1985 Dino Bravo
17%
WWE Intercontinental Championship 2 201 Days 2021 King Nakamura
17%
WWE 24/7 Championship 1 <1 Days 2019 Kyle Busch
17%
WWF Light Heavyweight Championship 7 254 Days 1989 Perro Aguayo
17%
WWE 24/7 Championship 4 130 Days 2022 Reggie
17%
WWF Light Heavyweight Championship 1 85 Days 1996 Ultimo Dragon
17%
WWE 24/7 Championship 1 28 Days 2021 Bad Bunny
14%
WWF Jr. Heavyweight Championship 1 ? 1984 Dynamite Kid
14%
WWE 24/7 Championship 1 1 Days 2021 Gran Metalik
14%
WWE Hardcore Championship 8 <1 Days 2002 Justin Credible
14%
WWE Hardcore Championship 1 15 Days 2001 Mike Awesome
14%
WWE 24/7 Championship 1 <1 Days 2021 Peter Rosenberg
14%
WWWF Jr. Heavyweight Championship 2 758 Days 1979 Tatsumi Fujinami
14%
WWF International Heavyweight Championship 2 819 Days 1983 Tatsumi Fujinami
14%
WWE 24/7 Championship 1 <1 Days 2019 The Revival
14%
WWE Hardcore Championship 1 <1 Days 2000 Thrasher
14%
WWE 24/7 Championship 2 <1 Days 2021 Tucker
14%
WWE 24/7 Championship 1 <1 Days 2021 Alicia Fox
12%
WWE 24/7 Championship 1 <1 Days 2019 Enes Kanter
12%
WWE Cruiserweight Championship 1 42 Days 2005 Kid Kash
12%
WWE 24/7 Championship 1 <1 Days 2019 Mike Rome
12%
WWE 24/7 Championship 1 42 Days 2020 Riddick Moss
12%
WWE 24/7 Championship 1 <1 Days 2019 Robert Roode
12%
WWE Hardcore Championship 1 <1 Days 2002 Terri
12%
WWWF United States Heavyweight Championship 2 429 Days 1969 The Sheik
12%
WWE 24/7 Championship 1 <1 Days 2019 Titus O'Neill
12%
WWF Light Heavyweight Championship 1 56 Days 1981 Chris Adams
10%
WWE Hardcore Championship 2 <1 Days 2002 Christopher Nowinski
10%
WWWF United States Heavyweight Championship 1 67 Days 1967 Ray Stevens
10%
WWF Light Heavyweight Championship 2 90 Days 1996 The Great Sasuke
10%
WWF Jr. Heavyweight Championship 3 312 Days 1983 Tiger Mask
10%
WWF Light Heavyweight Championship 7 826 Days 1994 Villano III
10%
WWF Light Heavyweight Championship 1 282 Days 1995 Aeroflash
7%
WWF International Heavyweight Championship 1 ? 1959 Antonio Rocca
7%
WWE 24/7 Championship 7 7 Days 2021 Drew Gulak
7%
WWF Light Heavyweight Championship 2 122 Days 1986 Fishman
7%
WWF Light Heavyweight Championship 2 130 Days 1984 Gran Hamada
7%
WWF Light Heavyweight Championship 1 183 Days 1997 Jushin Thunder Liger
7%
WWE 24/7 Championship 1 <1 Days 2019 Marshmello
7%
WWF Light Heavyweight Championship 1 560 Days 1991 Pegasus Kid
7%
WWF Light Heavyweight Championship 1 281 Days 1987 Rambo
7%
WWF International Heavyweight Championship 1 123 Days 1982 Riki Choshu
7%
WWF Light Heavyweight Championship 2 175 Days 1990 Sangre Chicana
7%
WWF Light Heavyweight Championship 1 87 Days 1997 Shinjiro Otani
7%
WWF International Heavyweight Championship 1 ? 1982 Tony Parisi
7%
WWF Jr. Heavyweight Championship 1 20 Days 1982 Black Tiger
5%
WWE 24/7 Championship 1 <1 Days 2021 Doug Flutie
5%
WWF Light Heavyweight Championship 2 43 Days 1997 El Samurai
5%
WWF Light Heavyweight Championship 1 563 Days 1993 El Signo
5%
WWF International Heavyweight Championship 1 ? 1982 Gino Brito
5%
WWF Jr. Heavyweight Championship 1 69 Days 1985 Hiro Saito
5%
WWWF Jr. Heavyweight Championship 1 ? 1967 Johnny DeFazio
5%
WWE Hardcore Championship 3 <1 Days 2002 Johnny Stamboli
5%
WWWF Jr. Heavyweight Championship 1 3 Days 1978 Jose Estrada
5%
WWF North American Championship 1 532 Days 1979 Seiji Sakaguchi
5%
WWF Jr. Heavyweight Championship 2 143 Days 1985 The Cobra
5%
WWWF United States Heavyweight Championship 2 41 Days 1963 Johnny Barend
2%
WWE 24/7 Championship 1 <1 Days 2021 Joseph Average
2%
WWE 24/7 Championship 1 <1 Days 2019 Mike Giaccio
2%
WWF World Martial Arts Heavyweight Championship 1 31 Days 1989 Shota Chochishvili
0%
No matching quizzes found
Score Distribution
Percent of People with Each Score
Percentile by Number Answered
Your Score History
You have not taken this quiz since the last reset